States with the Most Arby's Locations Quiz - Statistics

General Stats
  • This quiz has been taken 152 times
    53 since last reset
  • The average score is 5 of 10
Answer Stats
Locations State % Correct
149 Texas
83%
157 Florida
80%
146 Georgia
58%
274 Ohio
58%
171 Indiana
53%
175 Michigan
53%
110 Kentucky
43%
134 North Carolina
43%
124 Tennessee
43%
136 Pennsylvania
38%
No matching quizzes found
Score Distribution
Percent of People with Each Score
Percentile by Number Answered
Your Score History
You have not taken this quiz since the last reset